00849nam a2200253Ia 450000500170000000800410001702000150005804100080007310000200008124500710010125000220017226400350019430000400022933600270026933700330029633800280032965000480035765000380040565000310044365000420047470000330051604000350054908400110058420220316235248.0121119s1993 ve a gr 000 j spa  a98025710650 aspa1 aRosen, Michael,10aVamos a cazar un osocMichael Rosen ; ilustrado por Helen Oxenbury aPrimera edición 1aCaracasbEdiciones Ekarec1993 a36 páginasbilustracionesc26 cm. atextobtxt2rdacontent asin mediaciónbn2rdamedia avolumenbnc2rdacarrier142LEMBaCuentos infantiles inglesesySiglo XX142LEMBaLiteratura infantil inglesa142LEMBaLibros de imágenes142LEMBaRelaciones familiaresvCuentos 1 aOxembury, Helen eilustrador aCO-BoRNBPbspaerdacCO-BoRNBP aA ROS3